header

Teaching Childrent to Read (Record no. 252917)

MARC details
000 -LEADER
fixed length control field 00549nam a22001937a 4500
003 - CONTROL NUMBER IDENTIFIER
control field OSt
005 - DATE AND TIME OF LATEST TRANSACTION
control field 20160310093644.0
008 - FIXED-LENGTH DATA ELEMENTS--GENERAL INFORMATION
fixed length control field 160310b xxu||||| |||| 00| 0 eng d
010 ## - LIBRARY OF CONGRESS CONTROL NUMBER
LC control number 2003056143
020 ## - INTERNATIONAL STANDARD BOOK NUMBER
International Standard Book Number 0131121898
040 ## - CATALOGING SOURCE
Transcribing agency N/A
050 ## - LIBRARY OF CONGRESS CALL NUMBER
Classification number LB1573
Item number .R48 2004
100 ## - MAIN ENTRY--PERSONAL NAME
Personal name Cooter, Robert
245 ## - TITLE STATEMENT
Title Teaching Childrent to Read
Remainder of title putting the pieces together
Statement of responsibility, etc Robert B.Cooter
250 ## - EDITION STATEMENT
Edition statement 4th ed
260 ## - PUBLICATION, DISTRIBUTION, ETC. (IMPRINT)
Place of publication, distribution, etc Upper Saddle River,NJ/Columbus,Ohio
Name of publisher, distributor, etc Pearson;Merrill prentice Hall
Date of publication, distribution, etc 2004
300 ## - PHYSICAL DESCRIPTION
Extent xvi,614p
Other physical details ill
942 ## - ADDED ENTRY ELEMENTS (KOHA)
Source of classification or shelving scheme Library of Congress Classification
Koha item type Long Loan Books
Holdings
Withdrawn status Lost status Source of classification or shelving scheme Damaged status Not for loan Collection code Home library Current library Shelving location Date acquired Total Checkouts Full call number Barcode Date last seen Price effective from Koha item type
    Library of Congress Classification     Non-fiction Rongo University Library Rongo University Library General Stacks 10/03/2016   LB1573 .R48 2004 201610867 10/03/2016 10/03/2016 Long Loan Books

© 2026 Rongo University
Contact us: librarian | system librarian | Rongo university